000 00359 a2200169 4500
001 188505
020 _a978-85-16-05551-6
040 _cMagnum
100 _aDreguer, Ricardo
240 1 0 _aBia na áfrica
_lpor
245 1 0 _aBia na áfrica
300 _a47
362 0 _a2009
440 1 _aModerna
697 _aLITERATURA INFANTO-JUVENIL
942 _cBK
999 _c188505
_d188505